[Event "POLFINAL MISTRZOSTW POLSKI JUNIOROW 2017 - C13"]
[Site "Jastrzebia Gora"]
[Date "2017-11-15"]
[Round "4.3"]
[White "Poltorak, Sebastian"]
[Black "Majewski, Krzysztof"]
[Result "1/2-1/2"]
[WhiteTitle "I"]
[BlackTitle "II"]
[WhiteElo "1716"]
[BlackElo "1521"]

1. d4 d5 2. c4 e6 3. Nc3 h6 4. cxd5 exd5 5. Bf4 c6 6. e3 Nf6 7. Bd3 Be6 8. Nge2
Nbd7 9. O-O Be7 10. Qc2 O-O 11. Rad1 Nb6 12. Bg3 Nh5 13. Rfe1 Nxg3 14. Nxg3 Rc8
15. Nf5 Bxf5 16. Bxf5 Rc7 17. f3 Bf6 18. Qf2 g6 19. Bh3 Re7 20. e4 Rfe8 21. e5
Bg7 22. f4 Nd7 23. Qg3 Nf8 24. Rf1 f5 25. Qd3 Qd7 26. Kh1 h5 27. g3 Nh7 28. Bg2
Rf7 29. Bf3 Bh6 30. Rb1 Qe7 31. h4 Nf8 32. Ra1 Ne6 33. Ne2 Ra8 34. Qc3 Rff8 35.
b4 a6 36. a4 Nc7 37. Nc1 Ne6 38. Nd3 Rfc8 39. Kg2 Bf8 40. Nc5 Nxc5 41. bxc5 Qc7
42. Rfb1 Re8 43. Rb6 Re7 44. Rab1 Ra7 45. Qd3 Qd7 46. Qc2 Rf7 47. R1b2 Re7 48.
Qb1 Bg7 49. R2b3 Bf8 50. Qb2 Bg7 51. Qa2 Bf8 52. Qb1 Bg7 53. Qe1 Qe6 54. Qe2 Qf7
55. Qb2 Bf8 56. Qb1 1/2-1/2

[Event "POLFINAL MISTRZOSTW POLSKI JUNIOROW 2017 - C13"]
[Site "Jastrzebia Gora"]
[Date "2017-11-15"]
[Round "4.4"]
[White "Oleksy, Krzysztof"]
[Black "Kosior, Jan"]
[Result "1/2-1/2"]
[WhiteTitle "I"]
[BlackTitle "II"]
[WhiteElo "1496"]
[BlackElo "1605"]

1. Nf3 Nf6 2. g3 g6 3. Bg2 Bg7 4. O-O Nc6 5. d3 O-O 6. c4 d6 7. Nc3 e6 8. a3 a6
9. h3 Bd7 10. e4 Bc8 11. Be3 Ne7 12. d4 d5 13. e5 Ne8 14. cxd5 Nxd5 15. Nxd5 exd5
16. Nh2 c6 17. Qd2 f6 18. f4 Kh8 19. b4 Nc7 20. g4 Qe8 21. Rae1 fxe5 22. fxe5
Ne6 23. Rxf8+ Qxf8 24. Rf1 Qe7 25. Nf3 Bd7 26. Ng5 Rf8 27. Nxe6 Rxf1+ 28. Bxf1
Bxe6 29. Bg5 Qf8 30. Be2 Qf7 31. Kg2 Qf8 32. Qe1 Kg8 33. Qf2 Qxf2+ 34. Kxf2 Bf8
35. Bd2 Kf7 36. a4 Be7 37. b5 axb5 38. axb5 c5 39. Bc3 c4 40. Ba5 Ba3 41. Bf3
Bb2 42. Ke3 Ke8 43. Bb6 Kf7 44. Ba5 Ke8 45. Bb6 Bf7 46. Kd2 g5 47. Kc2 Ba1 48.
Kc1 Kd7 49. Bd1 Bg6 50. Bc2 Bxc2 51. Kxc2 Ke6 1/2-1/2

[Event "POLFINAL MISTRZOSTW POLSKI JUNIOROW 2017 - C13"]
[Site "Jastrzebia Gora"]
[Date "2017-11-15"]
[Round "4.5"]
[White "Bartlomowicz, Jakub"]
[Black "Iwaszkiewicz, Krzysztof"]
[Result "0-1"]
[WhiteTitle "II"]
[BlackTitle "II"]
[WhiteElo "1479"]
[BlackElo "1542"]

1. e4 c5 2. Nf3 Nc6 3. d4 cxd4 4. Nxd4 g6 5. Nc3 Bg7 6. Be3 Nf6 7. Bc4 O-O 8. f3
Qb6 9. Bb3 Nxe4 10. Nxe4 Bxd4 11. Bxd4 Qxd4 12. Qc1 d5 13. Nc3 Qe5+ 14. Kf2 Qd4+
15. Ke2 e6 16. Re1 b6 17. Nb5 Qc5 18. c4 Na5 19. Na3 Ba6 20. Bc2 dxc4 21. Be4
c3+ 22. Bd3 Qe5+ 23. Qe3 Bxd3+ 24. Kxd3 Rfd8+ 25. Kc2 Qxe3 26. Rxe3 cxb2 27. Rb1
Rac8+ 28. Kxb2 Rd2+ 29. Ka1 Rxg2 30. h3 Kg7 31. Rd1 h5 32. Red3 Rg3 33. h4 Rh3
34. Rd7 Rxf3 35. Rxa7 Rxa3 36. Kb2 Ra4 37. Rad7 Rxh4 38. Rf1 Rf8 39. Rd6 Nc4+
40. Kc3 Nxd6 41. Rd1 Rc8+ 42. Kb2 Nc4+ 43. Kb3 Rh3+ 44. Kb4 e5 45. a4 e4 46. Rc1
Rh4 47. Rxc4 Rxc4+ 48. Kxc4 e3+ 49. Kd3 Rh3 50. Ke2 f5 51. Kd3 f4 52. Ke2 g5 53.
Kd3 g4 54. Ke2 h4 55. Kd3 Rf3 56. Ke2 h3 57. Kd3 h2 58. Ke4 h1=Q 59. Kd3 e2+ 60.
Kxe2 Qf1+ 61. Kd2 Rd3+ 62. Kc2 Qd1+ 63. Kb2 Rb3+ 64. Ka2 Qb1# 0-1

[Event "POLFINAL MISTRZOSTW POLSKI JUNIOROW 2017 - C13"]
[Site "Jastrzebia Gora"]
[Date "2017-11-15"]
[Round "4.6"]
[White "Strepikowski, Pawel"]
[Black "Kietrys, Maciej"]
[Result "1-0"]
[WhiteTitle "II"]
[BlackTitle "I"]
[WhiteElo "1382"]
[BlackElo "1537"]

1. e4 g6 2. d4 Bg7 3. Nf3 d6 4. Nc3 a6 5. Be2 e6 6. Bg5 Ne7 7. Qd2 h6 8. Bf4 b6
9. O-O Bb7 10. Rad1 b5 11. a3 c6 12. e5 d5 13. Ra1 g5 14. Be3 Ng6 15. Bd3 Ne7
16. Ne2 Nd7 17. Ng3 Qc7 18. Nh5 Bf8 19. h3 O-O-O 20. a4 Nb6 21. axb5 cxb5 22.
b3 Kb8 23. Rfc1 Rc8 24. Qe2 Nf5 25. Bd2 Qc6 26. Qf1 Be7 27. Ba5 Rhg8 28. Bxb6
Qxb6 29. c4 Nxd4 30. Nxd4 Qxd4 31. cxb5 axb5 32. Bxb5 Qb6 33. Rcb1 Rc3 34. Ba6
Rgc8 35. b4 d4 36. Ra5 Bxb4 37. Ra4 Bxa6 38. Raxb4 Qxb4 39. Rxb4+ Ka7 40. Ra4
Rc1 41. Rxa6+ Kb7 42. Ra1 Rxf1+ 43. Kxf1 Rc5 44. Rd1 Rxe5 45. Rxd4 Kc8 46. Ng3
f5 47. Nh5 f4 48. Ng7 Kc7 49. h4 Kc6 50. hxg5 hxg5 51. f3 Kc5 52. Re4 Kd6 53.
Rxe5 Kxe5 54. Ke2 Kf6 55. Ne8+ Kg6 56. Kd3 Kh5 57. Ke4 Kh4 58. Ng7 e5 59. Ne6
Kg3 60. Nxg5 Kxg2 61. Nf7 Kh3 62. Nxe5 Kh4 63. Ng6+ Kg5 64. Nxf4 Kf6 65. Nd5+
Ke6 66. f4 Kf7 67. f5 Ke8 68. Ke5 Kf7 69. f6 Kf8 70. Ke6 Ke8 71. Nb4 Kf8 72. f7
Kg7 73. Ke7 Kg6 74. f8=Q Kg5 75. Qf6+ Kg4 76. Ke6 1-0

[Event "POLFINAL MISTRZOSTW POLSKI JUNIOROW 2017 - C13"]
[Site "Jastrzebia Gora"]
[Date "2017-11-15"]
[Round "4.7"]
[White "Kojlo, Szymon"]
[Black "Dziendziel, Mateusz"]
[Result "1-0"]
[WhiteTitle "II"]
[BlackTitle "II"]
[WhiteElo "1376"]
[BlackElo "1557"]

1. e4 c6 2. d4 d5 3. exd5 cxd5 4. Bd3 Nc6 5. c3 Nf6 6. Bf4 Bg4 7. Ne2 e6 8. Nd2
Bd6 9. Bxd6 Qxd6 10. O-O O-O 11. h3 Bh5 12. Nb3 Rac8 13. Re1 Rfe8 14. Qd2 Bg6
15. Bxg6 hxg6 16. Ng3 b5 17. Nc5 Na5 18. b3 Nd7 19. Nd3 Nb7 20. a4 bxa4 21. Rxa4
a5 22. Ne5 Rc7 23. c4 dxc4 24. Nxc4 Qd5 25. Nxa5 Ra8 26. Nxb7 Rxa4 27. bxa4 Rxb7
28. Qc3 Rb8 29. Ra1 Rb3 30. Qc8+ Kh7 31. Ne2 Rb8 32. Qc2 Ra8 33. Qd3 Ne5 34. Qc3
Nc6 35. Qc5 Ra5 36. Qxd5 Rxd5 37. Kf1 Kg8 38. Nc3 Ra5 39. Nb5 Kf8 40. Ke2 Ke7
41. Kd3 Nb4+ 42. Kc4 Nd5 43. Nc3 Nc7 44. Kb4 Ra6 45. Kc5 Kd7 46. a5 Rc6+ 47. Kb4
Na6+ 48. Kb5 Nc7+ 49. Kb4 Na6+ 50. Kb3 Kc7 51. Ra4 Kd6 52. Rc4 Rxc4 53. Kxc4 Kc6
54. Ne4 Nc7 55. g4 f6 56. Nc3 g5 57. Na2 1-0

[Event "POLFINAL MISTRZOSTW POLSKI JUNIOROW 2017 - C13"]
[Site "Jastrzebia Gora"]
[Date "2017-11-15"]
[Round "4.8"]
[White "Kossowski, Pawel"]
[Black "Lokaj, Bartlomiej"]
[Result "1/2-1/2"]
[WhiteTitle "II"]
[BlackTitle "II"]
[WhiteElo "1446"]
[BlackElo "1488"]

1. e4 e5 2. Nf3 Nc6 3. Bc4 Bc5 4. c3 Nf6 5. d4 exd4 6. e5 d5 7. Bb5 Ne4 8. cxd4
Bb6 9. Bxc6+ bxc6 10. Nbd2 O-O 11. Qc2 Nxd2 12. Bxd2 f6 13. O-O-O fxe5 14. Bg5
Qe8 15. Nxe5 Bxd4 16. Nxc6 Rxf2 17. Ne7+ Kh8 18. Rd2 Rxd2 19. Qxd2 c5 20. Nxd5
Qf7 21. Nc3 Bxc3 22. Qd8+ Qg8 23. bxc3 Qxd8 24. Bxd8 Bb7 25. Be7 Bxg2 26. Rd1
Rc8 27. Bxc5 a5 28. Bd4 Be4 29. Rg1 Rc7 30. Rg5 a4 31. Re5 Bc6 32. Rc5 Kg8 33.
Kd2 g6 34. Kd3 Kf7 35. Re5 Bd7 1/2-1/2

[Event "POLFINAL MISTRZOSTW POLSKI JUNIOROW 2017 - C13"]
[Site "Jastrzebia Gora"]
[Date "2017-11-15"]
[Round "4.9"]
[White "Szafranski, Maciej"]
[Black "Gardian, Adam"]
[Result "1/2-1/2"]
[WhiteTitle "II"]
[BlackTitle "II"]
[WhiteElo "1485"]
[BlackElo "1360"]

1. d4 Nf6 2. e3 g6 3. Bd3 Bg7 4. f4 d6 5. Nf3 O-O 6. O-O Nbd7 7. c3 e5 8. Nbd2
Re8 9. Bc2 exf4 10. exf4 Nd5 11. Nb3 N7f6 12. f5 Ne4 13. fxg6 fxg6 14. Bxe4 Rxe4
15. Ng5 Re7 16. c4 Nf6 17. Bd2 Bg4 18. Qc2 Qd7 19. c5 Bf5 20. Qc3 Ne4 21. Qc4+
d5 22. Qc1 Nxd2 23. Qxd2 Rae8 24. Rae1 Qa4 25. Qc3 Bxd4+ 26. Nxd4 Rxe1 27. Rxe1
Rxe1+ 28. Qxe1 Qxd4+ 29. Kh1 Qa4 30. h3 Be4 31. Qf1 Qe8 32. Qf4 1/2-1/2

[Event "POLFINAL MISTRZOSTW POLSKI JUNIOROW 2017 - C13"]
[Site "Jastrzebia Gora"]
[Date "2017-11-15"]
[Round "4.10"]
[White "Kania, Dominik"]
[Black "Kupis, Pawel"]
[Result "1-0"]
[WhiteTitle "II+"]
[BlackTitle "II"]
[WhiteElo "1577"]
[BlackElo "1308"]

1. d4 d5 2. Bg5 Nf6 3. e3 Bf5 4. c4 c6 5. Qb3 Qd7 6. Nf3 e6 7. Ne5 Qc7 8. Nc3 Ne4
9. Bf4 Qb6 10. c5 Qxb3 11. axb3 f6 12. Nf3 Nd7 13. h3 Kf7 14. Be2 Be7 15. O-O
g5 16. Bh2 h5 17. Nxe4 Bxe4 18. Nd2 Bg6 19. Ra2 Kg7 20. Rfa1 a6 21. b4 f5 22.
b5 cxb5 23. Bxb5 Nf6 24. c6 bxc6 25. Bxc6 Rab8 26. Bxb8 1-0

[Event "POLFINAL MISTRZOSTW POLSKI JUNIOROW 2017 - C13"]
[Site "Jastrzebia Gora"]
[Date "2017-11-15"]
[Round "4.11"]
[White "Paprocki, Stanislaw"]
[Black "Budzisz, Adrian"]
[Result "1-0"]
[WhiteTitle "I"]
[BlackTitle "II"]
[WhiteElo "1663"]
[BlackElo "1312"]

1. e4 c5 2. Nf3 Nc6 3. d4 cxd4 4. Nxd4 g6 5. Nb3 Bg7 6. Nc3 Nf6 7. Be3 b6 8. f4
O-O 9. Be2 Bb7 10. Bf3 Rc8 11. O-O Qc7 12. Nb5 Qd8 13. e5 Ne8 14. Nxa7 Nxa7 15.
Bxb7 Rb8 16. Bf3 Qc7 17. c3 d6 18. e6 fxe6 19. Bg4 Qc4 20. Nd4 Nc7 21. Qd2 e5
22. Bd1 Qa6 23. Bb3+ Kh8 24. fxe5 Bxe5 25. Nf3 Bf6 26. Bh6 Bg7 27. Qg5 Nc6 28.
Bxg7+ Kxg7 29. Nd4 h6 30. Qh4 g5 31. Qe1 Ne5 32. Qe4 Rh8 33. Nf5+ 1-0

[Event "POLFINAL MISTRZOSTW POLSKI JUNIOROW 2017 - C13"]
[Site "Jastrzebia Gora"]
[Date "2017-11-15"]
[Round "4.12"]
[White "Syrkiewicz, Michal"]
[Black "Szymanczyk, Lukasz"]
[Result "1-0"]
[WhiteTitle "II"]
[BlackTitle "II"]
[WhiteElo "1545"]
[BlackElo "1158"]

1. c4 e6 2. e4 Nc6 3. Nc3 Nf6 4. g3 d5 5. exd5 exd5 6. Bg2 d4 7. Qe2+ Be7 8. Nd5
Nxd5 9. cxd5 Nb4 10. d3 Nxd5 11. Nf3 Nf6 12. O-O O-O 13. Re1 Bc5 14. Bf4 Bf5 15.
Qe5 Bb4 16. Qxf5 Bxe1 17. Rxe1 Re8 18. Rxe8+ Qxe8 19. Kf1 Qd8 20. Qe5 c6 21. Bg5
Nd7 22. Qxd4 Qc7 23. Bf4 Qc8 24. Bh3 1-0

[Event "POLFINAL MISTRZOSTW POLSKI JUNIOROW 2017 - C13"]
[Site "Jastrzebia Gora"]
[Date "2017-11-15"]
[Round "4.13"]
[White "Rozalski, Marcin"]
[Black "Grzechowiak, Kacper"]
[Result "1-0"]
[WhiteTitle "II"]
[BlackTitle "II"]
[WhiteElo "1153"]
[BlackElo "1289"]

1. e4 c6 2. d4 d5 3. Nc3 dxe4 4. Nxe4 Nf6 5. Nxf6+ exf6 6. Nf3 Bg4 7. Be2 Bd6 8.
O-O O-O 9. Re1 Nd7 10. h3 Bh5 11. Be3 Qc7 12. Nd2 Bxe2 13. Qxe2 Rfe8 14. Nc4 Nb6
15. Nxb6 Qxb6 16. c4 Bb4 17. Red1 c5 18. d5 Qd6 19. Qc2 Ba5 20. g3 Bc7 21. Bf4
Qd7 22. Bxc7 Qxc7 23. Re1 Qd7 24. Kg2 Rad8 25. Qc3 b5 26. b3 b4 27. Qd3 Re5 28.
Re3 Rh5 29. h4 Re5 30. Rae1 Rde8 31. f4 R5e7 32. Rxe7 Rxe7 33. Rxe7 Qxe7 34. d6
Qb7+ 35. Kh2 Qd7 36. Qd5 h6 37. Qxc5 a5 38. Qc7 Qf5 39. Qc6 Qd3 40. c5 Qc2+ 41.
Qg2 Qd3 42. Qf2 Qb5 43. Qd2 Kf8 44. d7 1-0

[Event "POLFINAL MISTRZOSTW POLSKI JUNIOROW 2017 - C13"]
[Site "Jastrzebia Gora"]
[Date "2017-11-15"]
[Round "4.14"]
[White "Pieczulis, Blazej"]
[Black "Maron, Wojciech"]
[Result "0-1"]
[WhiteTitle "II"]
[BlackTitle "III"]
[WhiteElo "1229"]
[BlackElo "1128"]

1. d4 d5 2. Nf3 Nc6 3. Bf4 Nf6 4. e3 e6 5. c4 Bb4+ 6. Nc3 Ne4 7. Qc2 O-O 8. Bd3
f5 9. O-O Be7 10. h3 b6 11. a3 g5 12. Bh2 h5 13. Ne5 Nxe5 14. Bxe5 Bd6 15. Bxd6
Qxd6 16. cxd5 Nxc3 17. bxc3 Qxd5 18. e4 Qd7 19. Rfe1 Qf7 20. exf5 exf5 21. Re5
g4 22. hxg4 hxg4 23. Rae1 Qg6 24. Qb3+ Kg7 25. Re7+ Rf7 26. Bc4 Rxe7 27. Rxe7+
Kh8 28. Bf7 Qg5 29. Re8+ Kh7 30. Bg8+ Kh6 31. Qf7 Qc1+ 32. Kh2 Qf4+ 33. Kg1 Qc1+
34. Re1 Qxe1+ 35. Kh2 Kg5 36. Qg7+ Kf4 37. Qh6+ Ke4 38. Qc6+ Kd3 39. Qb5+ Kc2
40. Qb3+ Kc1 41. Qa2 Ba6 42. Qa1+ Kd2 43. Qb2+ Kd3 44. Bb3 Qd2 45. Qa1 Ke2 46.
c4 Kxf2 47. Qg1+ Ke2 48. Qa1 Qf4+ 49. Kg1 Qf2+ 50. Kh2 g3+ 51. Kh1 Rh8# 0-1

[Event "POLFINAL MISTRZOSTW POLSKI JUNIOROW 2017 - C13"]
[Site "Jastrzebia Gora"]
[Date "2017-11-15"]
[Round "4.15"]
[White "Bekier, Piotr"]
[Black "Mocko, Maciej"]
[Result "0-1"]
[WhiteTitle "II"]
[BlackTitle "II"]
[WhiteElo "1193"]
[BlackElo "1263"]

1. d4 Nf6 2. c4 e5 3. dxe5 Ng4 4. Nf3 Nc6 5. Bf4 Bb4+ 6. Nc3 Qe7 7. e3 Ngxe5 8.
Nxe5 Nxe5 9. Qd4 d6 10. Be2 Bd7 11. O-O Bc5 12. Qd2 O-O-O 13. a3 a6 14. b4 Ba7
15. b5 axb5 16. cxb5 g5 17. Nd5 Qe6 18. Bxg5 Rhg8 19. Nf4 Qf5 20. Bxd8 Bxb5 21.
Bh4 Bc6 22. Bg3 h5 23. h4 Qxf4 24. exf4 Rxg3 25. Kh2 Rxg2+ 26. Kh3 Ng4 27. Bxg4+
hxg4# 0-1

[Event "POLFINAL MISTRZOSTW POLSKI JUNIOROW 2017 - C13"]
[Site "Jastrzebia Gora"]
[Date "2017-11-15"]
[Round "5.1"]
[White "Iwaszkiewicz, Krzysztof"]
[Black "Panek, Bartosz"]
[Result "1/2-1/2"]
[WhiteTitle "II"]
[BlackTitle "I"]
[WhiteElo "1542"]
[BlackElo "1618"]

1. d4 Nf6 2. c4 g6 3. Nc3 d5 4. cxd5 Nxd5 5. e4 Nxc3 6. bxc3 Bg7 7. Bc4 c5 8. Be3
Nc6 9. Ne2 cxd4 10. cxd4 Qa5+ 11. Bd2 Qb6 12. Rb1 Qd8 13. Be3 O-O 14. O-O b6 15.
f3 Bb7 16. Qd2 Rc8 17. Rfc1 Qd7 18. Bb5 Qd6 19. Rd1 Rfd8 20. d5 Ne5 21. Bf4 Qc5+
22. Be3 Qd6 23. Bf4 Qc5+ 24. Be3 Qd6 25. Bf4 Qc5+ 1/2-1/2

[Event "POLFINAL MISTRZOSTW POLSKI JUNIOROW 2017 - C13"]
[Site "Jastrzebia Gora"]
[Date "2017-11-15"]
[Round "5.2"]
[White "Dzida, Kamil"]
[Black "Strepikowski, Pawel"]
[Result "1-0"]
[WhiteTitle "I++"]
[BlackTitle "II"]
[WhiteElo "1881"]
[BlackElo "1382"]

1. e4 Nc6 2. Nc3 e5 3. Bc4 Nf6 4. Nf3 Bc5 5. O-O d6 6. h3 Be6 7. Bb3 h6 8. d3 Qd7
9. Be3 Bb6 10. d4 exd4 11. Nxd4 Nxd4 12. Bxd4 Bxd4 13. Qxd4 O-O 14. f4 a6 15.
Rae1 Rfe8 16. e5 dxe5 17. Qxd7 Nxd7 18. Rd1 Nb6 19. f5 Bxb3 20. axb3 f6 21. Kf2
Rad8 22. Ke3 Kf7 23. g3 Ke7 24. Ne4 Rxd1 25. Rxd1 Nd7 26. Nc3 c6 27. Ne4 Rd8 28.
c4 Nf8 29. Ra1 Nd7 30. b4 Rc8 31. c5 Nf8 32. Rd1 Rc7 33. Nd6 Nh7 34. h4 Nf8 35.
Kd3 Nd7 36. Kc4 Kd8 37. Ne4 Ke7 38. Kb3 Nf8 39. Ka4 Nd7 40. Ka5 Ke8 41. Rd6 Kf7
42. Re6 g5 43. Nd6+ Kf8 44. h5 1-0

[Event "POLFINAL MISTRZOSTW POLSKI JUNIOROW 2017 - C13"]
[Site "Jastrzebia Gora"]
[Date "2017-11-15"]
[Round "5.3"]
[White "Czarnomski, Dominik"]
[Black "Topola, Rafal"]
[Result "1/2-1/2"]
[WhiteTitle "II"]
[BlackTitle "I"]
[WhiteElo "1532"]
[BlackElo "1535"]

1. e4 c6 2. d4 d5 3. Nc3 dxe4 4. Nxe4 Nd7 5. Ng5 Ngf6 6. Bd3 e6 7. N1f3 Bd6 8.
Qe2 h6 9. Ne4 Nxe4 10. Qxe4 Nf6 11. Qh4 Qa5+ 12. Bd2 Qh5 13. Qxh5 Nxh5 14. g3
Nf6 15. Ne5 c5 16. Nc4 Be7 17. dxc5 Bxc5 18. Be3 Bxe3 19. Nxe3 Bd7 20. O-O-O Bc6
21. Rhf1 O-O-O 22. Be2 Ne4 23. f3 Nd6 24. Nc4 Nxc4 25. Bxc4 Rxd1+ 26. Kxd1 Rd8+
27. Ke2 Rd4 28. Bd3 Kc7 29. b3 Rd5 30. f4 Kb6 31. Kd2 a5 32. c4 Rd8 33. Kc3 Kc5
34. Re1 b6 35. a3 Kd6 36. Be4 Kc7 37. Bxc6 Kxc6 38. b4 axb4+ 39. axb4 Ra8 40.
Kb3 Rd8 41. Kc3 Ra8 42. f5 Kd6 43. fxe6 fxe6 44. Rd1+ Kc6 45. Kb3 Rf8 46. Re1
Kd6 47. Re2 Rf5 48. Rd2+ Kc7 49. Re2 Kd6 50. Rd2+ Kc7 51. Kc3 g5 52. Re2 Kd6 1/2-1/2

[Event "POLFINAL MISTRZOSTW POLSKI JUNIOROW 2017 - C13"]
[Site "Jastrzebia Gora"]
[Date "2017-11-15"]
[Round "5.4"]
[White "Oleksy, Krzysztof"]
[Black "Poltorak, Sebastian"]
[Result "1-0"]
[WhiteTitle "I"]
[BlackTitle "I"]
[WhiteElo "1496"]
[BlackElo "1716"]

1. e4 c6 2. d4 d5 3. Nc3 dxe4 4. Nxe4 Bf5 5. Ng3 Bg6 6. h4 h6 7. Nf3 Nd7 8. h5
Bh7 9. Bd3 Bxd3 10. Qxd3 e6 11. Bd2 Ngf6 12. O-O-O Be7 13. Kb1 Qc7 14. Ne4 Rd8
15. g3 Nxe4 16. Qxe4 Nf6 17. Qe2 b5 18. g4 Nd5 19. Rdg1 b4 20. g5 Rb8 21. Ka1
Qc8 22. g6 Bf6 23. Ne5 Bxe5 24. gxf7+ Kxf7 25. Qxe5 Nf6 26. Qd6 a5 27. Rxg7+ Kxg7
28. Qe7+ Kg8 29. Rg1+ Ng4 30. Rxg4# 1-0

[Event "POLFINAL MISTRZOSTW POLSKI JUNIOROW 2017 - C13"]
[Site "Jastrzebia Gora"]
[Date "2017-11-15"]
[Round "5.5"]
[White "Majewski, Krzysztof"]
[Black "Kojlo, Szymon"]
[Result "1/2-1/2"]
[WhiteTitle "II"]
[BlackTitle "II"]
[WhiteElo "1521"]
[BlackElo "1376"]

1. c4 e5 2. Nc3 Nf6 3. g3 Nc6 4. Bg2 g6 5. b3 Bg7 6. Bb2 O-O 7. d3 Re8 8. e4 d6
9. Nge2 Nd7 10. O-O Nc5 11. Ba3 Ne6 12. Qd2 Ned4 13. Nxd4 Nxd4 14. Ne2 Nxe2+ 15.
Qxe2 f5 16. Bc1 Rf8 17. Rb1 f4 18. g4 Kf7 19. f3 Rh8 20. Rf2 h5 21. h3 Bf6 22.
Bd2 a5 23. Be1 hxg4 24. fxg4 c6 25. Qc2 Qb6 26. Kf1 Bh4 27. Rf3 Bxe1 28. Rxe1
Bd7 29. Rb1 Rh4 30. Qf2 Qxf2+ 31. Kxf2 1/2-1/2

[Event "POLFINAL MISTRZOSTW POLSKI JUNIOROW 2017 - C13"]
[Site "Jastrzebia Gora"]
[Date "2017-11-15"]
[Round "5.6"]
[White "Kosior, Jan"]
[Black "Syrkiewicz, Michal"]
[Result "1-0"]
[WhiteTitle "II"]
[BlackTitle "II"]
[WhiteElo "1605"]
[BlackElo "1545"]

1. e4 e5 2. Nf3 Nc6 3. Bc4 Bc5 4. c3 d6 5. d4 exd4 6. cxd4 Bb4+ 7. Nc3 Nf6 8. Qc2
h6 9. O-O O-O 10. a3 Ba5 11. Bf4 Bxc3 12. bxc3 Ne7 13. Rfe1 d5 14. exd5 Nexd5
15. Bg3 c6 16. h3 Be6 17. Bb3 Re8 18. c4 Ne7 19. Bh4 Nf5 20. Bxf6 Qxf6 21. d5
cxd5 22. cxd5 Rac8 23. dxe6 Nd6 24. exf7+ Nxf7 25. Rxe8+ Rxe8 26. Bxf7+ Kxf7 27.
Qb3+ Kf8 28. Rd1 1-0

[Event "POLFINAL MISTRZOSTW POLSKI JUNIOROW 2017 - C13"]
[Site "Jastrzebia Gora"]
[Date "2017-11-15"]
[Round "5.7"]
[White "Gardian, Adam"]
[Black "Paprocki, Stanislaw"]
[Result "1/2-1/2"]
[WhiteTitle "II"]
[BlackTitle "I"]
[WhiteElo "1360"]
[BlackElo "1663"]

1. d4 Nf6 2. Bf4 g6 3. e3 Bg7 4. Nf3 O-O 5. Nbd2 d5 6. Bd3 Re8 7. O-O c5 8. c3
Nc6 9. Re1 Qb6 10. Qb3 Qxb3 11. axb3 Nh5 12. Bc7 cxd4 13. exd4 Bd7 14. h3 Bh6
15. Rad1 Bf4 16. Bxf4 Nxf4 17. Bf1 f6 18. c4 e6 19. g3 Nh5 20. Nb1 Kf7 21. Nc3
Nb4 22. Nh2 a6 23. Bg2 Bc6 24. Ng4 Rad8 25. Rd2 g5 26. Ne3 Ng7 27. Rc1 Rd7 28.
Ne2 Red8 29. Rcd1 Ne8 30. f4 h6 31. f5 Ng7 32. Rf1 exf5 33. Nxf5 Nxf5 34. Rxf5
dxc4 35. bxc4 Bxg2 36. Kxg2 Nc6 37. d5 Ne7 38. Rf2 Rc8 39. b3 b5 40. Rd4 bxc4
41. bxc4 Ng6 42. Nc3 Ne7 43. Na4 Rd6 44. Rfd2 Nf5 45. c5 Rdd8 46. R4d3 Rd6 47.
Rd4 1/2-1/2

[Event "POLFINAL MISTRZOSTW POLSKI JUNIOROW 2017 - C13"]
[Site "Jastrzebia Gora"]
[Date "2017-11-15"]
[Round "5.8"]
[White "Szafranski, Maciej"]
[Black "Kania, Dominik"]
[Result "0-1"]
[WhiteTitle "II"]
[BlackTitle "II+"]
[WhiteElo "1485"]
[BlackElo "1577"]

1. c4 Nf6 2. d3 d5 3. cxd5 Nxd5 4. g3 e5 5. Bg2 g6 6. Nf3 Bg7 7. O-O O-O 8. a3
Nc6 9. Qc2 h6 10. Nc3 Be6 11. Rb1 f5 12. b4 Nxc3 13. Qxc3 e4 14. Qc2 exf3 15.
Bxf3 Nd4 16. Qd2 Nxf3+ 17. exf3 Qd5 18. Re1 Rfe8 19. Bb2 Bd7 20. Bxg7 Kxg7 21.
Qc3+ Kh7 22. Qxc7 Rac8 23. Qf4 Bc6 24. Qh4 Qxf3 25. Re7+ Kg8 26. Kf1 Qg2+ 27.
Ke1 Rxe7+ 28. Qxe7 Re8 29. Qxe8+ Bxe8 30. Ke2 Bc6 31. Rc1 Qf3+ 32. Kd2 Qxf2+ 33.
Kc3 Qe3 34. Rc2 Bb5 35. Rd2 g5 36. Kc2 f4 37. gxf4 gxf4 38. d4 Ba4+ 39. Kc1 Qe1+
40. Kb2 Qxd2+ 41. Kb1 Bb3 42. d5 Qc2+ 43. Ka1 Qc1# 0-1

[Event "POLFINAL MISTRZOSTW POLSKI JUNIOROW 2017 - C13"]
[Site "Jastrzebia Gora"]
[Date "2017-11-15"]
[Round "5.9"]
[White "Kietrys, Maciej"]
[Black "Bartlomowicz, Jakub"]
[Result "1-0"]
[WhiteTitle "I"]
[BlackTitle "II"]
[WhiteElo "1537"]
[BlackElo "1479"]

1. e4 c5 2. Nc3 Nc6 3. g3 g6 4. Bg2 Bg7 5. d3 d6 6. f4 Rb8 7. Be3 b5 8. Qd2 Nd4
9. Nf3 Bg4 10. O-O Bxf3 11. Bxf3 Nxf3+ 12. Rxf3 Nf6 13. h3 O-O 14. Kh2 Qc7 15.
f5 b4 16. Nd1 c4 17. Qf2 a5 18. Rc1 Rfc8 19. g4 Qd7 20. fxg6 fxg6 21. b3 cxd3
22. cxd3 Rxc1 23. Bxc1 Rc8 24. Bb2 a4 25. Ne3 axb3 26. axb3 Qa7 27. g5 Nh5 28.
Bxg7 Nxg7 29. Nd5 Qb7 30. Rf7 Re8 31. Nxe7+ Qxe7 32. Rxe7 Rxe7 33. Qd4 Re6 34.
Qxb4 Kf7 35. Qc4 Ne8 36. b4 Ke7 37. b5 Kd8 38. Qxe6 Nc7 39. Qxd6+ Kc8 40. b6 1-0

[Event "POLFINAL MISTRZOSTW POLSKI JUNIOROW 2017 - C13"]
[Site "Jastrzebia Gora"]
[Date "2017-11-15"]
[Round "5.10"]
[White "Lokaj, Bartlomiej"]
[Black "Rozalski, Marcin"]
[Result "1-0"]
[WhiteTitle "II"]
[BlackTitle "II"]
[WhiteElo "1488"]
[BlackElo "1153"]

1. e4 c5 2. c3 d5 3. exd5 Qxd5 4. d4 Nf6 5. Nf3 e6 6. Be2 Be7 7. Na3 O-O 8. Nc2
Nc6 9. O-O a6 10. Be3 b5 11. dxc5 Bb7 12. Nb4 Nxb4 13. cxb4 Qe4 14. a3 Ng4 15.
Qd3 Nxe3 16. Qxe4 Bxe4 17. fxe3 Bf6 18. Nd4 Rfd8 19. Rfd1 Rac8 20. Rac1 Bxd4 21.
exd4 Bc6 22. Kf2 Rd5 23. Bf3 Rf5 24. Rc3 Bxf3 25. Rxf3 Rd5 26. Rc3 Rc6 27. Ke3
Kf8 28. a4 Ke7 29. axb5 axb5 30. Ra1 Rd7 31. Ra5 Rb7 32. Ke4 f6 33. d5 exd5+ 34.
Kxd5 Kd7 35. Rg3 g6 36. Rh3 h5 37. Re3 g5 38. Re7+ Kxe7 39. Kxc6 1-0

[Event "POLFINAL MISTRZOSTW POLSKI JUNIOROW 2017 - C13"]
[Site "Jastrzebia Gora"]
[Date "2017-11-15"]
[Round "5.11"]
[White "Kupis, Pawel"]
[Black "Kossowski, Pawel"]
[Result "0-1"]
[WhiteTitle "II"]
[BlackTitle "II"]
[WhiteElo "1308"]
[BlackElo "1446"]

1. e4 e5 2. Nf3 Nc6 3. Bb5 a6 4. Ba4 Nf6 5. O-O Be7 6. Re1 b5 7. Bb3 d6 8. h3 Na5
9. d3 Nxb3 10. axb3 Bb7 11. Nc3 c5 12. Qe2 O-O 13. Nh2 Re8 14. f4 exf4 15. Bxf4
b4 16. Nb1 d5 17. Nd2 dxe4 18. Nxe4 Nxe4 19. dxe4 Qd4+ 20. Kh1 Qxb2 21. Ng4 Bh4
22. Reb1 Rxe4 23. Qxe4 Qxb1+ 24. Rxb1 Bxe4 25. Rb2 f5 26. Ne3 Rd8 27. Nc4 g5 28.
Bd2 Bd5 29. c3 bxc3 30. Bxc3 Bxc4 31. bxc4 Bg3 0-1

[Event "POLFINAL MISTRZOSTW POLSKI JUNIOROW 2017 - C13"]
[Site "Jastrzebia Gora"]
[Date "2017-11-15"]
[Round "5.12"]
[White "Maron, Wojciech"]
[Black "Dziendziel, Mateusz"]
[Result "0-1"]
[WhiteTitle "III"]
[BlackTitle "II"]
[WhiteElo "1128"]
[BlackElo "1557"]

1. d4 f5 2. Bg5 h6 3. Bh4 g5 4. Bg3 Nf6 5. e3 Bg7 6. Nf3 d6 7. Nc3 e6 8. h3 a6
9. Nh2 Nbd7 10. f4 Qe7 11. Be2 Qf7 12. Bf2 e5 13. Bg3 gxf4 14. exf4 exd4 15. Qxd4
Ne4 16. Nxe4 Bxd4 0-1

[Event "POLFINAL MISTRZOSTW POLSKI JUNIOROW 2017 - C13"]
[Site "Jastrzebia Gora"]
[Date "2017-11-15"]
[Round "5.13"]
[White "Budzisz, Adrian"]
[Black "Mocko, Maciej"]
[Result "1-0"]
[WhiteTitle "II"]
[BlackTitle "II"]
[WhiteElo "1312"]
[BlackElo "1263"]

1. e4 d5 2. exd5 Qxd5 3. Nc3 Qa5 4. Bc4 Nf6 5. Nf3 Bg4 6. h3 Bh5 7. O-O e6 8. d4
c6 9. a3 Bd6 10. Be3 O-O 11. Be2 Nbd7 12. Nd2 Bg6 13. Nc4 Qc7 14. Nxd6 Qxd6 15.
Qd2 Nb6 16. Rad1 Nbd5 17. Nxd5 Nxd5 18. c4 Nxe3 19. fxe3 Rad8 20. Bf3 e5 21. Qa5
exd4 22. exd4 Qb8 23. d5 b6 24. Qc3 cxd5 25. Bxd5 Qc7 26. b4 Kh8 27. Rfe1 Rfe8
28. Rxe8+ Rxe8 29. Re1 Rd8 30. Qe3 f6 31. Qe7 Qb8 32. Rf1 Re8 33. Qd7 Rd8 34.
Qe6 Re8 35. Qc6 Qg3 36. Bf3 h6 37. Qd7 Re3 38. Qxa7 Bd3 39. Qxb6 Re1 40. Qd8+
Kh7 41. Qxd3+ 1-0

[Event "POLFINAL MISTRZOSTW POLSKI JUNIOROW 2017 - C13"]
[Site "Jastrzebia Gora"]
[Date "2017-11-15"]
[Round "5.14"]
[White "Szymanczyk, Lukasz"]
[Black "Pieczulis, Blazej"]
[Result "1/2-1/2"]
[WhiteTitle "II"]
[BlackTitle "II"]
[WhiteElo "1158"]
[BlackElo "1229"]

1. e4 e6 2. d4 d5 3. Nd2 Nf6 4. e5 Nfd7 5. Bd3 c5 6. c3 Nc6 7. Ne2 a6 8. O-O b5
9. Nf3 Qb6 10. Bc2 Bb7 11. Nf4 g6 12. Be3 c4 13. Qd2 b4 14. Rab1 a5 15. Ra1 Be7
16. Rfc1 O-O 17. h3 a4 18. a3 b3 19. Bd1 Nd8 20. Nh2 f6 21. exf6 Nxf6 22. Ng4
Nf7 23. Ne5 Qd6 24. Nxf7 Rxf7 25. Bf3 Re8 26. Re1 Bf8 27. Ne2 Bg7 28. Bf4 Qd7
29. Be5 Bc8 30. Ng3 Rfe7 1/2-1/2